The Statesman's year-book (Record no. 10559)

MARC details
000 -LEADER
fixed length control field 00668nam a2200205Ia 4500
003 - CONTROL NUMBER IDENTIFIER
control field IN-BaIIA
008 - FIXED-LENGTH DATA ELEMENTS--GENERAL INFORMATION
fixed length control field 211028s9999 xx 000 0 eng d
020 ## - INTERNATIONAL STANDARD BOOK NUMBER
International Standard Book Number 0-333-55867-7
040 ## - CATALOGING SOURCE
Transcribing agency IIA Library
080 ## - UNIVERSAL DECIMAL CLASSIFICATION NUMBER
Universal Decimal Classification number 058(100)
Item number HUN
245 #4 - TITLE STATEMENT
Title The Statesman's year-book
Remainder of title statistical and historical annual of the states of the World for the 1992-1993
Statement of responsibility, etc. edited by Brian Hunter
250 ## - EDITION STATEMENT
Edition statement 129th ed.
260 ## - PUBLICATION, DISTRIBUTION, ETC.
Place of publication, distribution, etc. London
Name of publisher, distributor, etc. Macmillan
Date of publication, distribution, etc. 1992
300 ## - PHYSICAL DESCRIPTION
Extent xlviii,1702p
650 ## - SUBJECT ADDED ENTRY--TOPICAL TERM
Topical term or geographic name entry element NASA Thesaurus
650 ## - SUBJECT ADDED ENTRY--TOPICAL TERM
Topical term or geographic name entry element Nations-Yearbook
9 (RLIN) 17973
650 ## - SUBJECT ADDED ENTRY--TOPICAL TERM
Topical term or geographic name entry element Yearbook-Nations
9 (RLIN) 17974
700 ## - ADDED ENTRY--PERSONAL NAME
Personal name Hunter, Brian ed
9 (RLIN) 17975
942 ## - ADDED ENTRY ELEMENTS (KOHA)
Koha item type Books
Holdings
Withdrawn status Lost status Source of classification or shelving scheme Damaged status Not for loan Home library Current library Shelving location Date acquired Cost, normal purchase price Total Checkouts Full call number Barcode Date last seen Cost, replacement price Price effective from Koha item type Purchase Price
    Dewey Decimal Classification     IIA Library-Bangalore IIA Library-Bangalore General Stacks 02/02/1993 1942.50   058(100)/ HUN 11470 05/11/2021 1942.50 02/02/1993 Books Rs. 1942.50

Powered by Koha